000 01802cam a2200433 4500500
005 20251228073707.0
041 _afre
042 _adc
100 1 0 _aMorel, Geneviève
_eauthor
245 0 0 _aInterview de Dirk Dobke à Hambourg, Dieter Roth Foundation, le 4 mai 2019
260 _c2020.
500 _a7
520 _aTraduction de l’anglais par Mathilde Morel.Dans cette interview menée par la psychanalyste Geneviève Morel, Dirk Dobke, conservateur de la fondation Dieter Roth à Hambourg, se confie sur la vie et l’œuvre de l’artiste suisse d’origine allemande Dieter Roth (1930-1998), dont il fut aussi l’élève. Il aborde l’aspect historique, autobiographique et mélancolique de son œuvre.
520 _aIn this interview by the psychoanalyst, Geneviève Morel, Dirk Dobke, curator of the Dieter Roth Foundation in Hamburg, relates the life and works of Dieter Roth (1930-1998), his former teacher. He broaches the historical, autobiographical and melancholic aspects of his work.
690 _aautobiographie
690 _adesign
690 _aDirk Dobke
690 _aFondation Dieter Roth
690 _aHambourg
690 _aIslande
690 _amélancolie
690 _amouvement Fluxus
690 _anazisme
690 _apeinture
690 _asculpture
690 _aautobiography
690 _adesign
690 _aDirk Dobke
690 _aFluxus
690 _aHamburg
690 _aIceland
690 _amelancholy
690 _aNazism
690 _apainting
690 _asculpture
690 _aThe Dieter Roth Foundation
786 0 _nSavoirs et clinique | 27 | 2 | 2020-09-18 | p. 85-92 | 1634-3298
856 4 1 _uhttps://shs.cairn.info/revue-savoirs-et-cliniques-2020-2-page-85?lang=fr&redirect-ssocas=7080
999 _c1595709
_d1595709